[Event "?"]
[Site "ICC 2 12 11/11/97, Internet C"]
[Date "1997.??.??"]
[Round "?"]
[White "Brause"]
[Black "Osvaldo"]
[Result "0-1"]
[WhiteElo "2475"]
[BlackElo "2380"]
[PlyCount "149"]

1. Nc3 Nf6 2. e4 e5 3. Nf3 Nc6 4. Nxe5 Nxe5 5. d4 Ng6 6. e5 Ng8 7. Bc4 Bb4 8.
Qf3 Bxc3+ 9. bxc3 f5 10. h4 d6 11. h5 Nf8 12. exd6 cxd6 13. O-O Qe7 14. Ba3 Nf6
15. Rfe1 Ne4 16. Bd3 Kd8 17. Bxe4 fxe4 18. Rxe4 Qg5 19. Bxd6 Ne6 20. Qf7 Qf6
21. Qxf6+ gxf6 22. Rae1 Re8 23. d5 Ng7 24. Be7+ Kc7 25. Bxf6 Rxe4 26. Rxe4 Nf5
27. c4 Bd7 28. c5 Re8 29. Rxe8 Bxe8 30. g4 Nh6 31. g5 Ng8 32. Be5+ Kd7 33. h6
Ne7 34. c4 Bg6 35. a4 Bd3 36. a5 Bxc4 37. d6 Nc6 38. Bc3 Bd3 39. f3 Nd8 40. Bd2
Ne6 41. Be3 Kc6 42. Kf2 Bg6 43. Kg3 Bf5 44. f4 Nf8 45. Kg2 Nd7 46. Kf3 Kb5 47.
Bd4 Kxa5 48. c6 bxc6 49. Bxa7 c5 50. g6 Bxg6 51. Kg4 Ka6 52. f5 Bf7 53. Bxc5
Nxc5 54. Kg5 Nd7 55. f6 Kb6 56. Kf4 Nxf6 57. Kf3 Kc6 58. d7 Kxd7 59. Ke2 Ke6
60. Kf3 Kf5 61. Ke3 Kg5 62. Kd4 Kxh6 63. Kc3 Kg5 64. Kd3 h5 65. Ke3 Bd5 66. Ke2
h4 67. Kd2 h3 68. Kc3 h2 69. Kd4 h1=Q 70. Kd3 Qe1 71. Kd4 Kf5 72. Kc5 Ke5 73.
Kb5 Qc1 74. Ka4 Qb1 75. Ka5 0-1

[Event "?"]
[Site "ICC 2 12 11/20/97, Internet C"]
[Date "1997.??.??"]
[Round "?"]
[White "Brause"]
[Black "mishah"]
[Result "1-0"]
[WhiteElo "2430"]
[BlackElo "1910"]
[PlyCount "25"]

1. e4 e5 2. Nf3 Nc6 3. Nc3 Nf6 4. Nxe5 Nxe5 5. d4 Ng6 6. e5 Ng8 7. Bc4 c6 8.
Qf3 d5 9. exd6 Qxd6 10. Bxf7+ Kd8 11. Ne4 Qc7 12. Bxg6 Be7 13. Ng5 1-0

[Event "?"]
[Site "ICC 2 12 11/20/97, Internet C"]
[Date "1997.??.??"]
[Round "?"]
[White "Brause"]
[Black "mishah"]
[Result "0-1"]
[WhiteElo "2430"]
[BlackElo "1905"]
[PlyCount "95"]

1. e4 e5 2. Nf3 Nc6 3. Nc3 Nf6 4. Nxe5 Nxe5 5. d4 Ng6 6. e5 Ng8 7. Bc4 d5 8.
Bxd5 c6 9. Bb3 Be6 10. O-O Qd7 11. Bxe6 fxe6 12. Bg5 Be7 13. Bxe7 N8xe7 14. Ne4
O-O 15. c3 Nf4 16. Qg4 Kh8 17. Nf6 gxf6 18. Qxf4 f5 19. Rfe1 Ng6 20. Qh6 Qg7
21. Qg5 Ne7 22. Qh5 Rg8 23. g3 Raf8 24. Qh3 Qg4 25. Qf1 Nd5 26. Qc4 Rg6 27. Qc5
Rfg8 28. Rad1 f4 29. Rd3 Qh3 30. Qc4 Rh6 31. Rf3 Qxh2+ 32. Kf1 fxg3 33. Ke2 g2
34. Kd2 g1=Q 35. Rxg1 Qxg1 36. Qe2 Rh1 37. Kc2 b5 38. Kb3 Qd1+ 39. Qxd1 Rxd1
40. Kc2 Rdg1 41. Kb3 a5 42. Kc2 Kg7 43. Rh3 Rf8 44. Rh2 Rf1 45. f4 R8xf4 46.
Rg2+ Kh8 47. Re2 R4f2 48. Kd2 0-1

[Event "?"]
[Site "ICC 2 12 11/20/97, Internet C"]
[Date "1997.??.??"]
[Round "?"]
[White "Brause"]
[Black "mishah"]
[Result "1-0"]
[WhiteElo "2400"]
[BlackElo "1935"]
[PlyCount "69"]

1. e4 e5 2. Nf3 Nc6 3. Nc3 Nf6 4. Nxe5 Nxe5 5. d4 Ng6 6. e5 Ng8 7. Bc4 d5 8.
Bxd5 c6 9. Bb3 Be6 10. O-O Bxb3 11. axb3 N8e7 12. Re1 Nd5 13. Bd2 Be7 14. Ne4
O-O 15. Qe2 Ndf4 16. Qe3 Ne6 17. Bc3 a6 18. Rad1 Nef4 19. b4 Nd5 20. Qd2 Nxc3
21. Qxc3 Qb6 22. Nc5 Bxc5 23. bxc5 Qc7 24. Qc4 Rad8 25. Qb3 Kh8 26. Re4 Nxe5
27. Qg3 f6 28. Rc1 Rfe8 29. h3 Rd7 30. f4 Rde7 31. fxe5 fxe5 32. Rce1 Qd8 33.
c3 exd4 34. Rxe7 Rxe7 35. Rxe7 1-0

[Event "?"]
[Site "ICC 2 12 11/20/97, Internet C"]
[Date "1997.??.??"]
[Round "?"]
[White "Brause"]
[Black "mishah"]
[Result "1-0"]
[WhiteElo "2480"]
[BlackElo "1970"]
[PlyCount "51"]

1. e4 e5 2. Nf3 Nc6 3. Nc3 Nf6 4. Nxe5 Nxe5 5. d4 Ng6 6. e5 Ng8 7. Bc4 d5 8.
Bxd5 c6 9. Bb3 Be6 10. O-O Bxb3 11. axb3 N8e7 12. Re1 Nd5 13. Ne4 Be7 14. c4
Nb6 15. Nd6+ Bxd6 16. exd6+ Kf8 17. Be3 Qd7 18. d5 Nc8 19. dxc6 Qxc6 20. d7 Nd6
21. c5 Rd8 22. Qxd6+ Qxd6 23. cxd6 Rxd7 24. Rxa7 f6 25. Rc1 Rxd6 26. Bc5 1-0

[Event "?"]
[Site "ICC 2 12 12/01/97, Internet C"]
[Date "1997.??.??"]
[Round "?"]
[White "Brause"]
[Black "mishah"]
[Result "1-0"]
[WhiteElo "2440"]
[BlackElo "1955"]
[PlyCount "111"]

1. Nc3 Nc6 2. e4 e5 3. Nf3 Nf6 4. Nxe5 Nxe5 5. d4 Ng6 6. e5 Ng8 7. Bc4 d5 8.
Bxd5 c6 9. Bb3 Be6 10. O-O Qd7 11. Bxe6 fxe6 12. Bg5 Be7 13. Bxe7 Qxe7 14. Ne4
O-O-O 15. Nd6+ Kb8 16. Qf3 Nh6 17. Rad1 Rhf8 18. Qh3 Nf4 19. Qf3 Qh4 20. a4 Qg4
21. Qxg4 Nxg4 22. Rd2 Nh6 23. g3 Nd5 24. Ne4 Nf5 25. Rfd1 h6 26. Nc5 Nc7 27.
Rd3 b6 28. Ne4 Rd5 29. c3 Rfd8 30. g4 Ne7 31. f4 Ng6 32. g5 Nxf4 33. Rf3 Ng6
34. Rdf1 c5 35. gxh6 gxh6 36. Rg3 Nh4 37. Nf6 cxd4 38. Nxd5 Rxd5 39. cxd4 Rxd4
40. Rg8+ Kb7 41. Rg7 Nf5 42. Rf7 Rc4 43. b3 Rc2 44. Rd1 h5 45. Rh7 h4 46. Rd6
Kc8 47. Rh8+ Kb7 48. Rh7 a5 49. Rxe6 Kc8 50. Rxb6 Ne3 51. Rh8+ Kd7 52. Rd6+ Ke7
53. Rh7+ Ke8 54. Rb6 Ne6 55. Rxe6+ Kd8 56. Rg6 1-0

[Event "?"]
[Site "ICC 2 12 12/01/97, Internet C"]
[Date "1997.??.??"]
[Round "?"]
[White "Brause"]
[Black "mishah"]
[Result "1-0"]
[WhiteElo "2445"]
[BlackElo "1950"]
[PlyCount "59"]

1. Nc3 Nf6 2. e4 e5 3. Nf3 Nc6 4. Nxe5 Nxe5 5. d4 Ng6 6. e5 Ng8 7. Bc4 d5 8.
Bxd5 c6 9. Bb3 Be6 10. O-O Qd7 11. Bxe6 fxe6 12. Bg5 Be7 13. Bxe7 N8xe7 14. Ne4
O-O 15. c3 b6 16. h3 Rf4 17. Re1 Raf8 18. Re2 Qd5 19. f3 Rd8 20. Qc2 Rff8 21.
Rd2 Nf5 22. Qa4 Qd7 23. Qd1 Qe7 24. Qe2 Qh4 25. Qc4 Nf4 26. Qxc6 Ng3 27. Re1
Nxh3+ 28. gxh3 Qxh3 29. Rh2 Qf5 30. Nxg3 1-0

[Event "?"]
[Site "ICC 2 12 12/01/97, Internet C"]
[Date "1997.??.??"]
[Round "?"]
[White "Brause"]
[Black "mishah"]
[Result "1/2-1/2"]
[WhiteElo "2445"]
[BlackElo "1950"]
[PlyCount "96"]

1. Nc3 Nf6 2. e4 e5 3. Nf3 Nc6 4. Nxe5 Nxe5 5. d4 Ng6 6. e5 Ng8 7. Bc4 d5 8.
Bxd5 c6 9. Bb3 Be6 10. O-O Qd7 11. Bxe6 fxe6 12. Bg5 Be7 13. Bxe7 N8xe7 14. Ne4
O-O 15. c3 b6 16. h3 Rf4 17. Qe2 Nd5 18. Nd6 Nge7 19. Rae1 Rff8 20. Ne4 Nf4 21.
Qg4 Kh8 22. Nd6 Nfd5 23. Re2 Nf5 24. Ne4 Qe7 25. Nd6 Nxd6 26. exd6 Qxd6 27.
Rxe6 Qd7 28. Qe4 Rae8 29. Re5 Rxe5 30. dxe5 Rf4 31. Qe2 Qe6 32. Re1 Rf5 33. Qa6
Rf7 34. Qd3 Re7 35. a3 Nf4 36. Qe3 g5 37. h4 h6 38. hxg5 hxg5 39. Qf3 Rh7 40.
Rd1 Rd7 41. Rxd7 Qxd7 42. g3 Ng6 43. Qh5+ Kg7 44. Qxg5 Qd1+ 45. Kh2 Qf3 46. Kg1
Qd1+ 47. Kh2 Qf3 48. Kg1 Qd1+ 1/2-1/2

[Event "?"]
[Site "ICC 2 12 12/01/97, Internet C"]
[Date "1997.??.??"]
[Round "?"]
[White "Brause"]
[Black "mishah"]
[Result "0-1"]
[WhiteElo "2470"]
[BlackElo "1980"]
[PlyCount "137"]

1. Nc3 Nf6 2. e4 e5 3. Nf3 Nc6 4. Nxe5 Nxe5 5. d4 Ng6 6. e5 Ng8 7. Bc4 d5 8.
Bxd5 c6 9. Bb3 Be6 10. O-O Qd7 11. Bxe6 fxe6 12. Bg5 h6 13. Qh5 Qf7 14. Be3
O-O-O 15. Rad1 Qf5 16. Qxf5 exf5 17. f3 N8e7 18. f4 Nd5 19. Nxd5 cxd5 20. b3
Bb4 21. c3 Ba5 22. c4 Kb8 23. cxd5 Rxd5 24. Rf3 Ne7 25. Rg3 Rg8 26. Kf1 Bb6 27.
Bf2 Nc6 28. a4 g5 29. Rh3 gxf4 30. Rhd3 Rgd8 31. Bh4 Re8 32. Bf2 Kc7 33. R3d2
Kd7 34. Rd3 Ke6 35. Rh3 Rh8 36. Rhd3 h5 37. a5 Nxa5 38. g3 fxg3 39. Rxg3 Rh6
40. Rgd3 Nc6 41. Kg2 Rg6+ 42. Kf1 Rg4 43. Rh3 Nxe5 44. Rxh5 Nf3 45. Rh7 Rd7 46.
d5+ Kd6 47. Rh6+ Ke5 48. Re6+ Kf4 49. Bg3+ Kg5 50. Rd3 Nd4 51. Rd6 Rxd6 52.
Bxd6 Kf6 53. h3 Re4 54. Kg2 Nb5 55. Bf8 Rd4 56. Rxd4 Nxd4 57. b4 Kf7 58. Bd6
Nb5 59. Bg3 Bc7 60. h4 Bxg3 61. Kxg3 Nd6 62. Kf3 b6 63. b5 Nxb5 64. Ke3 a5 65.
Kd3 a4 66. h5 a3 67. Kc4 Nd6+ 68. Kb3 f4 69. Kxa3 0-1

[Event "?"]
[Site "ICC 2 12 10/30/97, Internet C"]
[Date "1997.??.??"]
[Round "?"]
[White "Brause"]
[Black "enigma"]
[Result "1-0"]
[WhiteElo "2510"]
[BlackElo "2075"]
[PlyCount "85"]

1. e4 e5 2. Nf3 Nc6 3. Nc3 Nf6 4. Nxe5 Nxe5 5. d4 Nc6 6. d5 Ne5 7. f4 Neg4 8.
e5 Bc5 9. exf6 Nxf6 10. Qe2+ Qe7 11. Qxe7+ Kxe7 12. Bd2 Re8 13. O-O-O Kf8 14.
Bb5 a6 15. Bd3 d6 16. Rde1 Bd7 17. Rhf1 b5 18. f5 b4 19. Ne4 Nxd5 20. Nxc5 dxc5
21. Rxe8+ Bxe8 22. Be4 Bc6 23. f6 Re8 24. fxg7+ Kxg7 25. Bd3 Bb5 26. Rf5 c6 27.
Rg5+ Kf6 28. Rh5 Bxd3 29. cxd3 Kg6 30. Rh6+ Kf5 31. Rxh7 Re2 32. Rxf7+ Ke5 33.
Rg7 Kd4 34. Rg3 a5 35. Kd1 Re8 36. h4 a4 37. h5 a3 38. Kc2 Re2 39. bxa3 bxa3
40. h6 Nb4+ 41. Kb3 Rxd2 42. h7 Rb2+ 43. Ka4 1-0

[Event "?"]
[Site "ICC 2 12 11/12/97, Internet C"]
[Date "1997.??.??"]
[Round "?"]
[White "Brause"]
[Black "CrazyGM"]
[Result "1-0"]
[WhiteElo "2430"]
[BlackElo "1935"]
[PlyCount "49"]

1. Nc3 Nf6 2. e4 e5 3. Nf3 Nc6 4. Nxe5 Nxe5 5. d4 Ng6 6. e5 Ng8 7. Bc4 d5 8.
Bxd5 Bb4 9. Qf3 Bxc3+ 10. bxc3 f6 11. Bxb7 Bxb7 12. Qxb7 fxe5 13. dxe5 N8e7 14.
Qe4 O-O 15. O-O Qd5 16. Qxd5+ Nxd5 17. Rd1 Nxc3 18. Re1 Nd5 19. Bb2 Ndf4 20.
Kf1 Rfe8 21. Rad1 Rab8 22. Bc3 Ne7 23. Rd7 Ned5 24. Bd4 Ne6 25. Rxd5 1-0

[Event "?"]
[Site "ICC 2 12 11/12/97, Internet C"]
[Date "1997.??.??"]
[Round "?"]
[White "Brause"]
[Black "CrazyGM"]
[Result "1-0"]
[WhiteElo "2430"]
[BlackElo "1935"]
[PlyCount "56"]

1. Nc3 e5 2. Nf3 Nc6 3. e4 Nf6 4. Nxe5 Nxe5 5. d4 Ng6 6. e5 Ng8 7. Bc4 d5 8.
Bxd5 Bb4 9. Qf3 Bxc3+ 10. bxc3 f6 11. Bxb7 Bxb7 12. Qxb7 fxe5 13. dxe5 N8e7 14.
f4 O-O 15. Qe4 Qd5 16. Qxd5+ Nxd5 17. g3 Nxc3 18. O-O Rad8 19. Be3 a6 20. Bc5
Rf5 21. Be3 Kf7 22. g4 Ne2+ 23. Kf2 Rxf4+ 24. Kxe2 Rxf1 25. Rxf1+ Ke6 26. g5
Nxe5 27. Rf4 Rd5 28. Rh4 Rc5 1-0

[Event "?"]
[Site "ICC 2 12 11/12/97, Internet C"]
[Date "1997.??.??"]
[Round "?"]
[White "Brause"]
[Black "Smilingwolf"]
[Result "1-0"]
[WhiteElo "2430"]
[BlackElo "1900"]
[PlyCount "85"]

1. Nc3 Nf6 2. e4 e5 3. Nf3 Nc6 4. Nxe5 Nxe5 5. d4 Ng6 6. e5 Ng8 7. Bc4 d6 8.
Qf3 f5 9. e6 N8e7 10. h4 c6 11. h5 d5 12. Bd3 Bxe6 13. hxg6 Nxg6 14. Bxf5 Nh4
15. Rxh4 Bxf5 16. Qxf5 Qe7+ 17. Qe5 Qxe5+ 18. dxe5 Bc5 19. Rg4 O-O 20. f4 Rae8
21. Bd2 Bd4 22. O-O-O Bf2 23. Ne2 Rf7 24. c3 Bb6 25. Kc2 Rff8 26. Ng3 Bf2 27.
Kd3 a5 28. Nh5 Re7 29. Be3 Bxe3 30. Kxe3 a4 31. Rb1 h6 32. Kd4 b6 33. Rg6 Rc7
34. g4 Kh7 35. f5 Rd8 36. e6 c5+ 37. Ke5 Ra7 38. Rh1 Kg8 39. f6 a3 40. e7 Rxe7+
41. fxe7 Re8 42. Rxg7+ Kh8 43. Rf1 1-0

[Event "?"]
[Site "ICC 2 12 11/12/97, Internet C"]
[Date "1997.??.??"]
[Round "?"]
[White "Brause"]
[Black "Evilone"]
[Result "1-0"]
[WhiteElo "2425"]
[BlackElo "2050"]
[PlyCount "45"]

1. e4 e5 2. Nf3 Nc6 3. Nc3 Nf6 4. Nxe5 Nxe5 5. d4 Ng6 6. e5 Ng8 7. Bc4 c6 8.
Qf3 Qe7 9. O-O d5 10. exd6 Qf6 11. Qe3+ Be6 12. d5 Bxd6 13. Ne4 Bxh2+ 14. Kxh2
Qh4+ 15. Kg1 cxd5 16. Bxd5 Bxd5 17. Nf6+ Kd8 18. Qe8+ Kc7 19. Qd7+ Kb6 20.
Nxd5+ Ka6 21. Nc7+ Kb6 22. Be3+ Ka5 23. Qb5# 1-0

[Event "?"]
[Site "ICC 2 12 11/12/97, Internet C"]
[Date "1997.??.??"]
[Round "?"]
[White "Brause"]
[Black "drstrangemove"]
[Result "1-0"]
[WhiteElo "2450"]
[BlackElo "1920"]
[PlyCount "101"]

1. e4 e5 2. Nf3 Nc6 3. Nc3 Nf6 4. Nxe5 Nxe5 5. d4 Ng6 6. e5 Ng8 7. Bc4 c6 8.
Qf3 d5 9. exd6 Be6 10. Bxe6 fxe6 11. Ne4 Nf6 12. Bg5 Qa5+ 13. b4 Qf5 14. Bxf6
Qxf3 15. gxf3 gxf6 16. Nxf6+ Kf7 17. Ne4 Rd8 18. b5 Bxd6 19. bxc6 bxc6 20. Rb1
Bb8 21. Rb7+ Ne7 22. Ng5+ Kf6 23. Ne4+ Kf7 24. Ng5+ Ke8 25. Nxe6 Rc8 26. O-O
Rg8+ 27. Kh1 Kf7 28. Re1 Rge8 29. Ng5+ Kg6 30. Rbxe7 Rxe7 31. Rxe7 Kxg5 32.
Rxh7 Re8 33. h3 a5 34. Rg7+ Kf6 35. Rb7 Bf4 36. Rb6 Re6 37. Kg2 c5 38. dxc5
Rxb6 39. cxb6 Ke6 40. h4 Kd6 41. Kh3 Kc6 42. h5 Kxb6 43. Kg4 Be5 44. h6 Kb5 45.
Kg5 Kb4 46. f4 Bh8 47. Kf5 Kc3 48. Ke6 Kxc2 49. f5 Kb2 50. f4 Kxa2 51. f6 1-0

[Event "?"]
[Site "ICC 2 12 11/12/97, Internet C"]
[Date "1997.??.??"]
[Round "?"]
[White "Brause"]
[Black "drstrangemove"]
[Result "1-0"]
[WhiteElo "2450"]
[BlackElo "1920"]
[PlyCount "107"]

1. e4 e5 2. Nf3 Nc6 3. Nc3 Nf6 4. Nxe5 Nxe5 5. d4 Ng6 6. e5 Ng8 7. Bc4 c6 8.
Qf3 d5 9. exd6 Be6 10. Bxe6 fxe6 11. Ne4 Nf6 12. Qb3 Qd7 13. Nc5 Qxd6 14. Qxb7
Rd8 15. O-O Nd7 16. Nb3 Be7 17. Qxa7 O-O 18. Qa6 Nf6 19. h3 Nd5 20. Nc5 Ndf4
21. Nb3 Qd5 22. Bxf4 Nxf4 23. f3 Qg5 24. Rf2 Nxh3+ 25. Kf1 Nxf2 26. Kxf2 Qb5
27. Qxb5 cxb5 28. Re1 Kf7 29. c3 Bf6 30. f4 b4 31. Nc5 Rfe8 32. Ne4 bxc3 33.
bxc3 Ra8 34. Nd6+ Ke7 35. Nxe8 Rxe8 36. f5 Kd6 37. Rxe6+ Rxe6 38. fxe6 Kxe6 39.
Ke3 h5 40. c4 g5 41. a4 h4 42. a5 Bd8 43. a6 Bb6 44. c5 Ba7 45. Ke4 Kf6 46. c6
Ke6 47. d5+ Kd6 48. Kf5 Kc7 49. Kxg5 Bf2 50. Kf4 Kb6 51. Ke5 Kxa6 52. Ke6 Kb6
53. Kd7 Bg3 54. d6 1-0

[Event "?"]
[Site "ICC 2 12 11/12/97, Internet C"]
[Date "1997.??.??"]
[Round "?"]
[White "Brause"]
[Black "drstrangemove"]
[Result "1-0"]
[WhiteElo "2455"]
[BlackElo "1920"]
[PlyCount "138"]

1. e4 e5 2. Nf3 Nc6 3. Nc3 Nf6 4. Nxe5 Nxe5 5. d4 Ng6 6. e5 Ng8 7. Bc4 c6 8.
Qf3 d5 9. exd6 Be6 10. Bxe6 fxe6 11. Ne4 Nf6 12. Qb3 Qc8 13. Nc5 Bxd6 14. Nxb7
Qd7 15. Nxd6+ Qxd6 16. O-O O-O 17. h3 Nd5 18. Re1 Ndf4 19. Bxf4 Nxf4 20. Qe3
Qd5 21. Qe4 Qxe4 22. Rxe4 Rab8 23. b3 g5 24. Rae1 Rf6 25. f3 Kf7 26. a4 Nd5 27.
h4 h6 28. Kf2 Rb4 29. Rh1 Rf4 30. hxg5 hxg5 31. Rh7+ Kg6 32. Rxa7 Rxe4 33. fxe4
Nf6 34. Re7 Nxe4+ 35. Ke3 Kf6 36. Rd7 Nc3 37. Kd3 Nd5 38. g3 Rb8 39. Rh7 Kf5
40. Rh6 Re8 41. c3 Kg4 42. c4 Nc7 43. Rh7 Rc8 44. Rg7 Ne8 45. Re7 Nc7 46. b4
Kxg3 47. b5 cxb5 48. axb5 g4 49. b6 Na6 50. Rxe6 Nb8 51. c5 Kf2 52. Rf6+ Kg2
53. Kc4 g3 54. Kb5 Kh1 55. Rh6+ Kg1 56. d5 g2 57. c6 Rg8 58. Rh4 Kf1 59. Rc4
g1=Q 60. Rc1+ Ke2 61. Rxg1 Rxg1 62. c7 Rb1+ 63. Ka5 Ra1+ 64. Kb4 Rb1+ 65. Ka3
Rxb6 66. c8=Q Kd3 67. Qc5 Nd7 68. Qc7 Ra6+ 69. Kb4 Ne5 1-0

[Event "?"]
[Site "ICC 2 12 11/12/97, Internet C"]
[Date "1997.??.??"]
[Round "?"]
[White "Brause"]
[Black "drstrangemove"]
[Result "0-1"]
[WhiteElo "2455"]
[BlackElo "1915"]
[PlyCount "123"]

1. e4 e5 2. Nf3 Nc6 3. Nc3 Nf6 4. Nxe5 Nxe5 5. d4 Ng6 6. e5 Ng8 7. Bc4 c6 8.
Qf3 d5 9. exd6 Be6 10. Bxe6 fxe6 11. Ne4 Nf6 12. Qb3 Nxe4 13. Qxe6+ Be7 14.
Qxe4 Qxd6 15. a3 O-O 16. O-O Rae8 17. Qd3 Nf4 18. Bxf4 Rxf4 19. Rad1 Qd5 20.
Rfe1 Rff8 21. Re5 Qf7 22. f3 Bf6 23. Re4 Rxe4 24. fxe4 Bh4 25. Kh1 Qf2 26. h3
Qg3 27. Qc4+ Kh8 28. Rg1 h6 29. Qb4 Rf2 30. Qxb7 Rxc2 31. Qxa7 Bg5 32. Qa8+ Kh7
33. Qf8 Rf2 34. Qc8 Be3 35. Qg4 Qxg4 36. hxg4 Bxd4 37. b4 Bb2 38. a4 Ba3 39.
Rb1 Rb2 40. Rxb2 Bxb2 41. a5 Kg6 42. a6 Bd4 43. Kh2 Kf6 44. g5+ Kxg5 45. Kg3
Kf6 46. Kf4 g6 47. e5+ Ke6 48. Ke4 Bb6 49. Kf4 Ba7 50. g3 Bb6 51. Ke4 g5 52.
Kf3 Kxe5 53. Kg2 h5 54. Kh2 Kd4 55. Kg2 Kc4 56. Kf3 Kxb4 57. Ke4 c5 58. Kf3 Kb3
59. Ke4 c4 60. Kf5 h4 61. gxh4 gxh4 62. Kg4 0-1

[Event "?"]
[Site "ICC 2 12 11/30/97, Internet C"]
[Date "1997.??.??"]
[Round "?"]
[White "Brause"]
[Black "ChessPanther"]
[Result "1-0"]
[WhiteElo "2490"]
[BlackElo "2105"]
[PlyCount "69"]

1. Nc3 Nf6 2. e4 e5 3. Nf3 Nc6 4. Nxe5 Nxe5 5. d4 Ng6 6. e5 Ng8 7. Bc4 d6 8.
Qf3 Qd7 9. O-O dxe5 10. dxe5 Nxe5 11. Re1 Bd6 12. Bf4 f6 13. Bb5 c6 14. Rad1
Qe6 15. Qg3 Kf8 16. Bxe5 Bxe5 17. f4 cxb5 18. fxe5 Qb6+ 19. Re3 Bf5 20. Rd6 Qc5
21. Rd5 Qc8 22. Qf4 Ne7 23. exf6 Nxd5 24. Nxd5 Qd7 25. fxg7+ Kxg7 26. Qe5+ Kh6
27. Rh3+ Bxh3 28. Qf6+ Kh5 29. Nf4+ Kg4 30. gxh3+ Kf3 31. Nd3+ Ke3 32. Qf2+ Ke4
33. Qf4+ Kd5 34. Qe5+ Kc6 35. Qc5# 1-0

[Event "?"]
[Site "ICC 2 12 11/30/97, Internet C"]
[Date "1997.??.??"]
[Round "?"]
[White "Brause"]
[Black "ChessPanther"]
[Result "1-0"]
[WhiteElo "2490"]
[BlackElo "2100"]
[PlyCount "77"]

1. Nc3 Nf6 2. e4 e5 3. Nf3 Nc6 4. Nxe5 Nxe5 5. d4 Ng6 6. e5 Ng8 7. Bc4 d6 8.
Qf3 Qd7 9. O-O dxe5 10. dxe5 Nxe5 11. Re1 Bd6 12. Bf4 f6 13. Bb5 c6 14. Rad1
Qe6 15. Qg3 Kf8 16. Bxe5 Bxe5 17. f4 cxb5 18. fxe5 Qb6+ 19. Re3 Bf5 20. Rd6 Qc5
21. Rd5 Qc8 22. Qf4 Ne7 23. exf6 Nxd5 24. Nxd5 Qd7 25. fxg7+ Kxg7 26. Qe5+ Kh6
27. Rh3+ Bxh3 28. Qf6+ Kh5 29. Nf4+ Kg4 30. gxh3+ Kf3 31. Nd3+ Qf5 32. Qxf5+
Ke3 33. Qe5+ Kd2 34. Qe1+ Kxc2 35. Qc3+ Kb1 36. Qc1+ Kxa2 37. Nb4+ Kb3 38. Qc3+
Ka4 39. Qa3# 1-0

[Event "?"]
[Site "ICC 2 12 11/30/97, Internet C"]
[Date "1997.??.??"]
[Round "?"]
[White "Brause"]
[Black "ChessPanther"]
[Result "1-0"]
[WhiteElo "2495"]
[BlackElo "2100"]
[PlyCount "40"]

1. Nc3 Nf6 2. e4 e5 3. Nf3 Nc6 4. Nxe5 Nxe5 5. d4 Ng6 6. e5 Ng8 7. Bc4 d6 8.
Qf3 Qe7 9. Bb5+ c6 10. Bxc6+ bxc6 11. Qxc6+ Qd7 12. Qxa8 dxe5 13. Be3 exd4 14.
Bxd4 Nf6 15. O-O Bd6 16. Bxf6 gxf6 17. Rad1 Qc7 18. Rxd6 Qxd6 19. Qxc8+ Ke7 20.
Re1+ Ne5 1-0

[Event "?"]
[Site "ICC 2 12 11/30/97, Internet C"]
[Date "1997.??.??"]
[Round "?"]
[White "Brause"]
[Black "barata"]
[Result "1-0"]
[WhiteElo "2515"]
[BlackElo "1920"]
[PlyCount "39"]

1. Nc3 Nf6 2. e4 e5 3. Nf3 Nc6 4. Nxe5 Nxe5 5. d4 Nc6 6. d5 Ne5 7. f4 Ng6 8. e5
Ng8 9. d6 cxd6 10. exd6 Qa5 11. h4 h5 12. Qd4 Nf6 13. Be3 b6 14. Bb5 Bb7 15. b4
Qa3 16. Bc1 Qxc1+ 17. Rxc1 O-O-O 18. Qc4+ Bc6 19. Bxc6 Bxd6 20. Qa6+ 1-0

[Event "?"]
[Site "ICC 2 12 12/02/97, Internet C"]
[Date "1997.??.??"]
[Round "?"]
[White "Brause"]
[Black "mishah"]
[Result "1-0"]
[WhiteElo "2445"]
[BlackElo "2010"]
[PlyCount "65"]

1. Nc3 Nf6 2. e4 e5 3. Nf3 Nc6 4. Nxe5 Nxe5 5. d4 Ng6 6. e5 Ng8 7. Bc4 d5 8.
Bxd5 c6 9. Bb3 Be6 10. O-O Qd7 11. Bxe6 fxe6 12. Bg5 h6 13. Qh5 Qf7 14. Be3
O-O-O 15. Rad1 Qf5 16. Qxf5 exf5 17. f4 Bb4 18. Nb1 N8e7 19. c4 Kb8 20. Rd3 Nf8
21. Rfd1 Ne6 22. a3 Ba5 23. d5 cxd5 24. cxd5 Nf8 25. b4 Bb6 26. Bxb6 axb6 27.
Nc3 Nfg6 28. g3 h5 29. d6 Nc6 30. e6 Kc8 31. b5 Na5 32. Na4 Rhe8 33. d7+ 1-0

[Event "?"]
[Site "ICC 2 12 12/02/97, Internet C"]
[Date "1997.??.??"]
[Round "?"]
[White "Brause"]
[Black "Braincan"]
[Result "0-1"]
[WhiteElo "2450"]
[BlackElo "2420"]
[PlyCount "117"]

1. Nc3 Nf6 2. e4 e5 3. Nf3 Nc6 4. Nxe5 Nxe5 5. d4 Ng6 6. e5 Ng8 7. Bc4 Bb4 8.
Qf3 Bxc3+ 9. bxc3 f6 10. O-O Qe7 11. exf6 gxf6 12. Bh6 Nxh6 13. Rfe1 Ne5 14.
Qh5+ Kd8 15. dxe5 Ng8 16. Rad1 fxe5 17. Bxg8 Rxg8 18. Rxe5 Qf6 19. Rde1 c6 20.
Qxh7 Rg7 21. Qh5 Kc7 22. Qf5 Qxf5 23. Rxf5 b6 24. f4 d5 25. Rf8 Bb7 26. Rxa8
Bxa8 27. h3 Rf7 28. g3 c5 29. h4 Bc6 30. Re5 Kd6 31. Kf2 Ba4 32. Re2 Bd7 33.
Ke1 Bg4 34. Re3 Re7 35. Kd2 Rxe3 36. Kxe3 b5 37. Kd2 Ke6 38. Ke3 Kf5 39. a3 Bh5
40. Kf2 Kg4 41. f5 Kxf5 42. Kf1 Kg4 43. Kf2 Kh3 44. Ke3 Kxg3 45. Kd2 Kxh4 46.
Kc1 Kg3 47. Kb1 Kf3 48. Kb2 Ke3 49. Kc1 c4 50. Kb1 Kd2 51. Kb2 a5 52. a4 bxa4
53. Ka3 Be8 54. Kb2 Bg6 55. Ka3 Bxc2 56. Kb2 d4 57. Ka2 dxc3 58. Ka3 Bd1 59.
Ka2 0-1

[Event "?"]
[Site "ICC 2 12 11/13/97, Internet C"]
[Date "1997.??.??"]
[Round "?"]
[White "Brause"]
[Black "skipherass"]
[Result "1-0"]
[WhiteElo "2395"]
[BlackElo "2385"]
[PlyCount "27"]

1. e4 e5 2. Nf3 Nc6 3. Nc3 Nf6 4. Nxe5 Nxe4 5. Nxc6 dxc6 6. Nxe4 Bf5 7. Bd3 Bb4
8. a3 Ba5 9. Qf3 g6 10. Nc5 Qe7+ 11. Qe3 Qxe3+ 12. fxe3 O-O 13. Bxf5 gxf5 14.
O-O 1-0

[Event "?"]
[Site "ICC 2 12 11/13/97, Internet C"]
[Date "1997.??.??"]
[Round "?"]
[White "Brause"]
[Black "drstrangemove"]
[Result "1-0"]
[WhiteElo "2415"]
[BlackElo "1985"]
[PlyCount "77"]

1. Nc3 Nf6 2. e4 e5 3. Nf3 Nc6 4. Nxe5 Nxe5 5. d4 Ng6 6. e5 Ng8 7. Bc4 c6 8.
Qf3 d5 9. exd6 Be6 10. Bxe6 fxe6 11. Ne4 Nf6 12. Nxf6+ gxf6 13. Bd2 Bxd6 14.
O-O-O Qe7 15. Rhe1 O-O-O 16. Qe4 e5 17. dxe5 Bxe5 18. f4 Bd6 19. Qa4 Qc7 20. f5
Ne7 21. Qxa7 Nxf5 22. Qf2 Qd7 23. g4 Ne7 24. Qxf6 Nd5 25. Qh4 Rhg8 26. Re4 Be7
27. Qg3 Nf6 28. Ree1 Rxg4 29. Qe5 Ng8 30. Bf4 Bd6 31. Rxd6 Qxd6 32. Qxd6 Rxd6
33. Bxd6 Kd7 34. Bc5 Nf6 35. Re7+ Kc8 36. c3 Ne4 37. Bb6 Rh4 38. Rc7+ Kb8 39.
Rd7 1-0

[Event "?"]
[Site "ICC 2 12 11/13/97, Internet C"]
[Date "1997.??.??"]
[Round "?"]
[White "Brause"]
[Black "drstrangemove"]
[Result "1-0"]
[WhiteElo "2415"]
[BlackElo "1985"]
[PlyCount "61"]

1. Nc3 Nf6 2. e4 e5 3. Nf3 Nc6 4. Nxe5 Nxe5 5. d4 Ng6 6. e5 Ng8 7. Bc4 c6 8.
Qf3 d5 9. exd6 Be6 10. Bxe6 fxe6 11. Ne4 Nf6 12. Nc5 Bxd6 13. Nxb7 Qc7 14.
Nxd6+ Qxd6 15. O-O O-O 16. Rd1 Nd5 17. Qg4 Ndf4 18. g3 Nd5 19. h4 Rf5 20. Bg5
Raf8 21. h5 Nge7 22. h6 g6 23. Rd2 Nf6 24. Bxf6 R8xf6 25. Re1 Qd5 26. Rde2 Rh5
27. Qe4 Qxe4 28. Rxe4 Kf7 29. g4 Rh4 30. R1e3 Nd5 31. Ra3 1-0

[Event "?"]
[Site "ICC 2 12 11/13/97, Internet C"]
[Date "1997.??.??"]
[Round "?"]
[White "Brause"]
[Black "drstrangemove"]
[Result "1-0"]
[WhiteElo "2420"]
[BlackElo "1980"]
[PlyCount "49"]

1. Nc3 Nf6 2. e4 e5 3. Nf3 Nc6 4. Nxe5 Nxe5 5. d4 Ng6 6. e5 Ng8 7. Bc4 c6 8.
Qf3 d5 9. exd6 Be6 10. Bxe6 fxe6 11. Ne4 Nf6 12. Nc5 Qxd6 13. Qb3 b6 14. Nxe6
Qb4+ 15. Qxb4 Bxb4+ 16. c3 Bd6 17. Nxg7+ Kf7 18. Nf5 Rae8+ 19. Be3 Bf4 20.
O-O-O Bxe3+ 21. fxe3 Re6 22. Rhf1 Rhe8 23. e4 Ne7 24. e5 Nfd5 25. Nd6+ 1-0